000
00246nam a2200109Ia 4500
008
190216s9999||||xx |||||||||||||| ||und||
100
_a
V K N
245
0
_a
Sindikket
260
_b
Mathrubhumi Printing &publishing
650
_a
Novel
942
_c
BK
999
_c
26099
_d
26099